Where Did These 2025-2026 Players Play Before Joining Arsenal - Statistics

General Stats
  • This quiz has been taken 31 times
  • The average score is 30 of 36
Answer Stats
Player Nationality Position Year Joined Answer % Correct
Kai Havertz Germany FW 2023 Chelsea
100%
Viktor Gyökeres Sweden FW 2025 Sporting Lisbon
100%
Declan Rice England MF 2023 West Ham United
100%
Piero Hincapié (On Loan at Arsenal) Ecuador DF 2025 Bayer Leverkusen
96%
Leandro Trossard Belgium FW 2023 Brighton & Hove Albion
96%
Oleksandr Zinchenko Ukraine DF 2022 Manchester City
96%
Gabriel Jesus Brazil FW 2022 Manchester City
96%
Myles Lewis-Skelly England DF 2023 Arsenal(Academy)
93%
Bukayo Saka England FW 2018 Arsenal(Academy)
93%
Ethan Nwaneri England FW 2022 Arsenal(Academy)
93%
Max Dowman England FW 2025 Arsenal(Academy)
93%
Christian Nørgaard Denmark MF 2025 Brentford
93%
Kepa Arrizabalaga Spain GK 2025 Chelsea
93%
Noni Madueke England FW 2025 Chelsea
93%
Eberechi Eze England MF 2025 Crystal Palace
93%
Martin Ødegaard Norway MF 2021 Real Madrid
93%
Jurriën Timber Netherlands DF 2023 Ajax
89%
Maldini Kacurri Albania DF 2024 Arsenal(Academy)
89%
Ismeal Kabia Netherlands FW 2024 Arsenal(Academy)
89%
Reiss Nelson England FW 2017 Arsenal(Academy)
89%
Charles Sagoe Jr England FW 2023 Arsenal(Academy)
89%
Ben White England DF 2021 Brighton & Hove Albion
89%
Jack Porter England GK 2024 Arsenal(Academy)
86%
Tommy Setford England GK 2024 Arsenal(Academy)
86%
Josh Nichols England DF 2024 Arsenal(Academy)
86%
David Raya Spain GK 2023 Brentford
86%
Mikel Merino Spain MF 2024 Real Sociedad
86%
Martín Zubimendi Spain MF 2025 Real Sociedad
86%
Riccardo Calafiori Italy DF 2024 Bologna
82%
Fábio Vieira Portugal MF 2022 Porto
82%
Cristhian Mosquera Spain DF 2025 Valencia
82%
William Saliba France DF 2019 Saint Etienne
68%
Gabriel Magalhães Brazil DF 2020 Lille
61%
Jakub Kiwior Poland DF 2023 Spezia
43%
Gabriel Martinelli Brazil FW 2019 Ituano FC
32%
Karl Hein Estonia GK 2018 Nõmme United
11%
No matching quizzes found
Score Distribution
Percent of People with Each Score
Percentile by Number Answered
Your Score History
You have not taken this quiz